CEO SCHOOL INSIGHTS FROM 20 GLOBAL BUSIN (Record no. 32583)

MARC details
000 -LEADER
fixed length control field 00383nam a2200145Ia 4500
008 - FIXED-LENGTH DATA ELEMENTS--GENERAL INFORMATION
fixed length control field 240624s9999 xx 000 0 und d
041 ## - LANGUAGE CODE
Language code of text/sound track or separate title eng
082 ## - DEWEY DECIMAL CLASSIFICATION NUMBER
Classification number 658.4092 SHE
100 ## - MAIN ENTRY--PERSONAL NAME
Personal name SHEKSHNIA STANISLAV
245 ## - TITLE STATEMENT
Title CEO SCHOOL INSIGHTS FROM 20 GLOBAL BUSIN
250 ## - EDITION STATEMENT
Edition statement (1st 2018 ed.)
260 ## - PUBLICATION, DISTRIBUTION, ETC.
Date of publication, distribution, etc. 2018
Place of publication, distribution, etc. Singapore
Name of publisher, distributor, etc. Palgrave
300 ## - PHYSICAL DESCRIPTION
Extent xvii,154P. ; 23cm.
365 ## - TRADE PRICE
Currency code ERU
Price amount 33
Holdings
Withdrawn status Lost status Damaged status Not for loan Home library Current library Shelving location Date acquired Full call number Barcode Date last seen Copy number Price effective from Koha item type
        IMTN IMTN Rack 29-B 01/07/2022 658.4092 SHE 32583 06/24/2024 88.7 06/24/2024 Books
Designed & Maintained by: LRC IMT Nagpur Contact: lrc@imtnag.ac.in© 2024. All Rights Reserved.